Od piva k realite

Bibliographic Details
Main Author: Ondreáš, Martin (Author)
Format: Article
Language:Slovak
Subjects:

MARC

LEADER 00000nab a2200000 a 4500
001 vtls000869212
003 SK-MaSNL
005 20260304120104.0
008 250429c2004 xo 0 slo
015 |a SNBRB2004/04-11640 
035 |a CLN000220764 
035 |a urn:nbn:sk:snk-abs4o 
035 |a (urnnbn)urn:nbn:sk:snk:ar-a043du 
035 |a (uuid)7e6f92d2-7bee-4210-8c06-22f83254e60a 
040 |a SNKBUCL  |b slo  |c SNKBUCL  |e AACR2 
041 0 |a slo 
044 |a xo  |c SK 
080 |a 796.525:796.92.093.1(100)  |2 1997 
080 |a 796.92.093.1  |2 1997 
100 1 |a Ondreáš, Martin  |4 aut  |9 1321310 
245 1 0 |a Od piva k realite  |c Martin Ondreáš 
300 |b Fotogr. 
611 1 7 |a Majstrovstvá Slovenska v skialpinizme  |d 2004  |c Žiarska dolina, Slovensko  |2 snkbucl  |9 1423493 
650 0 7 |a skialpinizmus  |2 snkbucl  |9 24168 
655 7 |a články z novín a časopisov  |2 snkbucl  |9 267496 
773 0 |t Jamesák  |g Roč. 36, č. 2 (2004), s. 34  |x 1335-3896 
850 |a Slovenská národná knižnica 
852 |a Slovenská národná knižnica 
954 |a odborná, vedecká literatúra pôvodná (slovenská)  |2 lita 
958 |a article27 
958 |a OND 
958 |a EUIPO 
992 |a RBX 
999 |c 2878621  |d 2880551